000 00774nam2a22002291 4500
001 RU\NLR\A1SV\126380
005 20251214192129.0
035 _a(NLR Aleph) 010447015
090 _a13489918
_c13489918
100 _a20140507d1926 u y0rusy50 ca
101 1 _arus
_ceng
200 1 _aАнна-Вероника
_eРоман
_fПер. с англ. З.В.
210 _d1926
215 _a264 с.
461 1 _1001RU\NLR\A1SV\126372
_12000#$v[Т.8]
_99912203
_aУэллс, Г. Д. (1866-1946)
_cЛ.
_d1924-1926
_fПод ред. Евг. Замятина
_nМысль
_tСобрание сочинений Герберта Уэллса
_v[Т.8]
702 0 _aЗ.В.
801 0 _aRU
_bNLR
_c20140507
852 _aNLR
_j19/906
942 _cBOOK
980 _aA1SV
980 _aNB